Juniorské majstrovstvá Slovenskej republiky

Bibliographic Details
Format: Article
Language:Slovak
PhysicalDescription:Fotogr.
ISSN:1335-7867
Subjects:

MARC

LEADER 00000nab a2200000 ar4500
001 vtls008839027
003 SK-MaSNL
005 20260303071513.0
008 060815c2006 xo wr|p|||||||000 b|slo
015 |a SNBRB2006/08  |2 snkbucl 
038 |a SNKBUCL 
040 |a SNKBUCL  |b slo  |c SNKBUCL  |e AACR2 
041 0 |a slo 
044 |a xo  |c SK 
080 |a 796.894.093.1-053.6  |x (437.6)  |2 UDC-MRF-SK2 
245 0 0 |a Juniorské majstrovstvá Slovenskej republiky 
300 |b Fotogr. 
611 2 7 |a Majstrovstvá Slovenska juniorov v kulturistike  |d (2006 :  |c Dubnica nad Váhom, Slovensko)  |2 snkbucl  |9 1070262 
650 0 7 |a kulturistika  |2 snkbucl  |9 3254 
650 0 7 |a juniori  |2 snkbucl  |9 838750 
773 0 |t Muscle a fitness  |g Roč. XVI, č. 8 (2006), s. 92-93  |x 1335-7867 
852 |a SNK  |b KIS3GCP 
999 |c 1760181  |d 1762111